00580nam a22001937a 45000050016000000100014000160200026000300350013000560370013000690820010000821000016000922450040001082600041001482700093001893000024002825000050003066500020003566500010003762010080205575.0 aENG-97610 a9788184350951c675.00 aEN-81143 bDBAD/PUB a332.4 aNayudu, G S aMonetary economics /cby G S Nayudu aNew DelhibAdhyayan Publishersc2008 a437/4B, 105, J.M.D. House, Murari Lal Street Ansari Road, Darya Ganj,bNew Delhie110002 av, 257p.c22cm (Hb) aIncludes bibliographical references and index aMonetary policy aMoney